000 00564nam a2200205Ia 4500
003 GCL
008 140319s9999 xx 000 0 eng d
020 _a9775845084
040 _aGCL /
_cGCL
082 0 4 _aCC
_b916.2
_bS C
100 1 _aSAMIR W. RAAFAT
245 1 0 _aCAIRO, THE GLORY YEARS /
_cSAMIR W. RAAFAT
260 _aالقاهرة :
_bHARPOCRATES ،
_c2003
300 _a24 CM ؛
_c331 P
650 0 4 _aMOHAMED ALI 1805 - 1849
650 0 4 _aKASR EL DOUBARA
650 0 4 _aEGYPT - HISTORY
650 0 4 _aEGYPT - DESCRIPTION AND TRAVEL
942 _2ddc
_cBK
999 _c7445
_d7445